[Event "MPJ_D16"]
[Site "?"]
[Date "2016.03.20"]
[Round "9.7"]
[White "Kalinowska, Karolina"]
[Black "Stebel, Agata"]
[Result "1/2-1/2"]
[BlackElo "1856"]
[WhiteElo "1571"]
[LiveChessVersion "1.4.8"]

1. e4 {[%clk 1:30:58]} c5 {[%clk 1:30:55]} 2. Nf3 {[%clk 1:31:23]} Nc6
{[%clk 1:31:21]} 3. d4 {[%clk 1:31:46]} cxd4 {[%clk 1:31:46]} 4. Nxd4
{[%clk 1:32:10]} Nf6 {[%clk 1:32:11]} 5. Nc3 {[%clk 1:32:31]} e5 {[%clk 1:32:35]}
6. Ndb5 {[%clk 1:32:45]} d6 {[%clk 1:32:57]} 7. Bg5 {[%clk 1:33:03]} a6
{[%clk 1:33:16]} 8. Na3 {[%clk 1:33:28]} b5 {[%clk 1:33:36]} 9. Nd5
{[%clk 1:33:44]} Be7 {[%clk 1:33:21]} 10. Bxf6 {[%clk 1:34:02]} Bxf6
{[%clk 1:33:30]} 11. c3 {[%clk 1:33:55]} Ne7 {[%clk 1:31:59]} 12. Nxf6+
{[%clk 1:19:44]} gxf6 {[%clk 1:32:20]} 13. Qf3 {[%clk 1:19:57]} f5
{[%clk 1:24:03]} 14. g3 {[%clk 1:11:01]} Bb7 {[%clk 1:17:44]} 15. Bd3
{[%clk 1:06:12]} d5 {[%clk 1:10:24]} 16. Rd1 {[%clk 0:56:15]} Qc7
{[%clk 0:57:33]} 17. Qe3 {[%clk 0:52:21]} fxe4 {[%clk 0:52:35]} 18. Bb1
{[%clk 0:48:25]} f5 {[%clk 0:46:50]} 19. Nc2 {[%clk 0:46:25]} O-O
{[%clk 0:39:34]} 20. Qg5+ {[%clk 0:43:32]} Kh8 {[%clk 0:37:18]} 21. Ne3
{[%clk 0:43:27]} Qd6 {[%clk 0:35:07]} 22. a3 {[%clk 0:28:41]} Rad8
{[%clk 0:32:19]} 23. Nc2 {[%clk 0:28:19]} Qf6 {[%clk 0:30:37]} 24. Qxf6+
{[%clk 0:27:57]} Rxf6 {[%clk 0:31:05]} 25. O-O {[%clk 0:27:55]} Rfd6
{[%clk 0:30:18]} 26. f4 {[%clk 0:19:29]} exf3 {[%clk 0:27:27]} 27. Rxf3
{[%clk 0:19:36]} Bc8 {[%clk 0:21:33]} 28. Ne3 {[%clk 0:17:59]} e4
{[%clk 0:18:34]} 29. Rf2 {[%clk 0:17:03]} d4 {[%clk 0:17:49]} 30. cxd4
{[%clk 0:14:21]} Rxd4 {[%clk 0:18:07]} 31. Rxd4 {[%clk 0:14:31]} Rxd4
{[%clk 0:18:35]} 32. Rc2 {[%clk 0:14:38]} Be6 {[%clk 0:17:25]} 33. Kf1
{[%clk 0:12:20]} Kg7 {[%clk 0:15:43]} 34. Ke1 {[%clk 0:09:32]} Kf6
{[%clk 0:14:51]} 35. Rc7 {[%clk 0:08:46]} Rd7 {[%clk 0:14:06]} 36. Rc5
{[%clk 0:08:12]} Nd5 {[%clk 0:12:52]} 37. Nxd5+ {[%clk 0:04:07]} Bxd5
{[%clk 0:12:59]} 38. Bc2 {[%clk 0:04:04]} Ke5 {[%clk 0:08:42]} 39. Bb3
{[%clk 0:02:34]} Kd4 {[%clk 0:06:18]} 40. Rc3 {[%clk 0:32:10]} Bxb3
{[%clk 0:34:02]} 41. Rxb3 {[%clk 0:32:39]} Rc7 {[%clk 0:31:56]} 42. Kd1
{[%clk 0:28:05]} h5 {[%clk 0:24:22]} 43. a4 {[%clk 0:22:25]} bxa4
{[%clk 0:21:27]} 44. Rb6 {[%clk 0:22:40]} Ke3 {[%clk 0:20:04]} 45. Rxa6
{[%clk 0:22:48]} Rd7+ {[%clk 0:15:49]} 46. Ke1 {[%clk 0:20:29]} Rd2
{[%clk 0:14:17]} 47. Rxa4 {[%clk 0:20:17]} Re2+ {[%clk 0:11:45]} 48. Kf1
{[%clk 0:18:47]} Rxb2 {[%clk 0:09:12]} 49. Ra3+ {[%clk 0:17:49]} Kd2
{[%clk 0:08:41]} 50. Kf2 {[%clk 0:11:52]} Rb5 {[%clk 0:08:19]} 51. Kf1
{[%clk 0:08:35]} Rc5 {[%clk 0:07:26]} 52. Kf2 {[%clk 0:08:02]} Rc3
{[%clk 0:06:59]} 53. Ra2+ {[%clk 0:01:22]} Kd3 {[%clk 0:06:35]} 54. Re2
{[%clk 0:01:14]} Kd4 {[%clk 0:05:23]} 55. Rd2+ {[%clk 0:01:00]} Rd3
{[%clk 0:05:04]} 56. Ra2 {[%clk 0:01:11]} Kc3 {[%clk 0:04:14]} 57. Ke2
{[%clk 0:01:18]} Kb4 {[%clk 0:04:09]} 58. Ra8 {[%clk 0:01:07]} Rc3
{[%clk 0:02:15]} 59. Rf8 {[%clk 0:00:49]} h4 {[%clk 0:00:56]} 60. Rxf5
{[%clk 0:00:47]} hxg3 {[%clk 0:01:08]} 61. hxg3 {[%clk 0:01:09]} Kc4
{[%clk 0:00:57]} 62. Rf4 {[%clk 0:00:42]} Kd4 {[%clk 0:01:12]} 63. g4
{[%clk 0:00:56]} Rc2+ {[%clk 0:01:22]} 64. Kd1 {[%clk 0:01:09]} Rg2
{[%clk 0:01:29]} 65. Rf8 {[%clk 0:00:37]} Ke3 {[%clk 0:01:02]} 66. Ra8
{[%clk 0:00:46]} Rg1+ {[%clk 0:01:12]} 67. Kc2 {[%clk 0:01:04]} Ke2
{[%clk 0:01:11]} 68. Ra2 {[%clk 0:00:46]} e3 {[%clk 0:01:02]} 69. Kc3+
{[%clk 0:00:55]} Kf3 {[%clk 0:01:13]} 70. Ra8 {[%clk 0:00:37]} e2
{[%clk 0:01:18]} 71. Rf8+ {[%clk 0:00:59]} Kg3 {[%clk 0:01:31]} 72. Re8
{[%clk 0:00:41]} e1=Q+ {[%clk 0:01:52]} 73. Rxe1 {[%clk 0:00:53]} Rxe1
{[%clk 0:02:15]} 74. Kd2 {[%clk 0:01:08]} Re5 {[%clk 0:02:36]} 1/2-1/2

[Event "MPJ_D16"]
[Site "?"]
[Date "2016.03.20"]
[Round "9.8"]
[White "Wojcik, Jagoda"]
[Black "Leczek, Weronika"]
[Result "1-0"]
[BlackElo "1766"]
[WhiteElo "1510"]
[LiveChessVersion "1.4.8"]

1. e4 {[%clk 1:30:59]} c5 {[%clk 1:30:55]} 2. Nf3 {[%clk 1:31:22]} Nc6
{[%clk 1:30:57]} 3. d4 {[%clk 1:31:48]} cxd4 {[%clk 1:31:21]} 4. Nxd4
{[%clk 1:32:13]} Nf6 {[%clk 1:31:14]} 5. Nc3 {[%clk 1:32:38]} d6 {[%clk 1:30:59]}
6. Bg5 {[%clk 1:32:53]} e6 {[%clk 1:31:19]} 7. Qd2 {[%clk 1:33:05]} Be7
{[%clk 1:31:41]} 8. O-O-O {[%clk 1:32:39]} O-O {[%clk 1:31:43]} 9. f4
{[%clk 1:32:37]} h6 {[%clk 1:31:48]} 10. Bh4 {[%clk 1:30:07]} e5 {[%clk 1:30:35]}
11. Nf5 {[%clk 1:29:01]} Bxf5 {[%clk 1:30:54]} 12. exf5 {[%clk 1:29:24]} exf4
{[%clk 1:30:40]} 13. Kb1 {[%clk 1:29:35]} b5 {[%clk 0:51:53]} 14. Qxf4
{[%clk 1:13:45]} Qa5 {[%clk 0:41:01]} 15. Bxb5 {[%clk 1:06:30]} Rab8
{[%clk 0:23:22]} 16. Qa4 {[%clk 1:03:03]} Qb6 {[%clk 0:20:17]} 17. Qa6
{[%clk 0:56:36]} Qxa6 {[%clk 0:20:42]} 18. Bxa6 {[%clk 0:56:54]} Rb4
{[%clk 0:17:11]} 19. Bg3 {[%clk 0:52:29]} Rfb8 {[%clk 0:17:31]} 20. b3
{[%clk 0:51:14]} R8b6 {[%clk 0:15:22]} 21. Bd3 {[%clk 0:47:41]} Ne5
{[%clk 0:10:48]} 22. a3 {[%clk 0:44:13]} Rg4 {[%clk 0:11:10]} 23. Rhe1
{[%clk 0:41:34]} Bf8 {[%clk 0:08:09]} 24. Bf2 {[%clk 0:36:26]} Rc6
{[%clk 0:08:20]} 25. Ne4 {[%clk 0:31:27]} Nd5 {[%clk 0:06:09]} 26. Bd4
{[%clk 0:25:21]} Nxd3 {[%clk 0:05:32]} 27. Rxd3 {[%clk 0:18:57]} Rxg2
{[%clk 0:05:54]} 28. Bxa7 {[%clk 0:17:21]} Ne7 {[%clk 0:05:13]} 29. f6
{[%clk 0:15:03]} Nc8 {[%clk 0:05:27]} 30. Bd4 {[%clk 0:14:26]} Rcxc2
{[%clk 0:05:42]} 31. fxg7 {[%clk 0:13:17]} Bxg7 {[%clk 0:06:00]} 32. Bxg7
{[%clk 0:12:54]} Kxg7 {[%clk 0:06:24]} 33. Rc3 {[%clk 0:08:49]} Rxc3
{[%clk 0:03:50]} 34. Nxc3 {[%clk 0:09:14]} Rxh2 {[%clk 0:04:13]} 35. a4
{[%clk 0:07:21]} f5 {[%clk 0:03:03]} 36. a5 {[%clk 0:06:34]} Rh4 {[%clk 0:02:32]}
37. Re8 {[%clk 0:02:50]} Rb4 {[%clk 0:02:02]} 38. Kc2 {[%clk 0:02:12]} Rb8
{[%clk 0:02:17]} 39. Nd5 {[%clk 0:02:19]} Ra8 {[%clk 0:01:22]} 40. b4
{[%clk 0:32:36]} Kf7 {[%clk 0:30:33]} 41. Rh8 {[%clk 0:32:19]} Kg7
{[%clk 0:27:14]} 42. Rd8 {[%clk 0:32:37]} h5 {[%clk 0:26:39]} 43. Nf4
{[%clk 0:30:53]} h4 {[%clk 0:26:09]} 44. Kd3 {[%clk 0:29:23]} d5 {[%clk 0:22:25]}
45. Ke3 {[%clk 0:25:00]} h3 {[%clk 0:17:10]} 46. Nxh3 {[%clk 0:24:09]} Kf7
{[%clk 0:17:06]} 47. Kd4 {[%clk 0:22:02]} Rb8 {[%clk 0:16:13]} 48. Kc5
{[%clk 0:21:44]} d4 {[%clk 0:15:01]} 49. Rxd4 {[%clk 0:21:19]} Rb7
{[%clk 0:14:43]} 50. Kc6 {[%clk 0:20:08]} Ra7 {[%clk 0:14:42]} 1-0

[Event "MPJ_D16"]
[Site "?"]
[Date "2016.03.20"]
[Round "9.9"]
[White "Kostecka, Marika"]
[Black "Jurkiewicz, Zuzanna"]
[Result "1-0"]
[BlackElo "1632"]
[WhiteElo "1775"]
[LiveChessVersion "1.4.8"]

1. e4 {[%clk 1:30:55]} e5 {[%clk 1:30:38]} 2. Nf3 {[%clk 1:31:19]} Nc6
{[%clk 1:30:43]} 3. Bb5 {[%clk 1:31:43]} a6 {[%clk 1:30:41]} 4. Ba4
{[%clk 1:32:07]} Nf6 {[%clk 1:30:37]} 5. O-O {[%clk 1:32:24]} b5 {[%clk 1:30:17]}
6. Bb3 {[%clk 1:32:46]} Bb7 {[%clk 1:29:52]} 7. Re1 {[%clk 1:32:53]} Be7
{[%clk 1:26:34]} 8. c3 {[%clk 1:32:44]} O-O {[%clk 1:23:38]} 9. d4
{[%clk 1:32:12]} d6 {[%clk 1:19:51]} 10. Nbd2 {[%clk 1:29:42]} Rc8
{[%clk 1:04:45]} 11. Nf1 {[%clk 1:25:32]} Nd7 {[%clk 0:55:08]} 12. Ng3
{[%clk 1:18:47]} Bf6 {[%clk 0:50:57]} 13. a4 {[%clk 1:11:45]} exd4
{[%clk 0:45:50]} 14. cxd4 {[%clk 1:11:48]} b4 {[%clk 0:45:59]} 15. a5
{[%clk 1:09:36]} Rb8 {[%clk 0:41:35]} 16. Bf4 {[%clk 1:06:22]} Re8
{[%clk 0:39:13]} 17. Qd2 {[%clk 1:02:10]} Ne7 {[%clk 0:27:12]} 18. e5
{[%clk 0:57:07]} dxe5 {[%clk 0:23:03]} 19. dxe5 {[%clk 0:56:40]} Nxe5
{[%clk 0:20:45]} 20. Nxe5 {[%clk 0:56:57]} Qxd2 {[%clk 0:19:20]} 21. Bxd2
{[%clk 0:56:52]} Bxe5 {[%clk 0:19:07]} 22. Rxe5 {[%clk 0:57:16]} Nc6
{[%clk 0:19:18]} 23. Rxe8+ {[%clk 0:55:39]} Rxe8 {[%clk 0:19:44]} 24. Re1
{[%clk 0:55:48]} Rxe1+ {[%clk 0:19:40]} 25. Bxe1 {[%clk 0:56:14]} Nxa5
{[%clk 0:19:36]} 26. Ba4 {[%clk 0:56:29]} c5 {[%clk 0:18:12]} 27. f3
{[%clk 0:53:53]} Nc4 {[%clk 0:16:48]} 28. b3 {[%clk 0:54:18]} Nb2
{[%clk 0:16:04]} 29. Ne4 {[%clk 0:53:48]} Bxe4 {[%clk 0:14:42]} 30. fxe4
{[%clk 0:53:58]} Nxa4 {[%clk 0:15:04]} 31. bxa4 {[%clk 0:54:08]} Kf8
{[%clk 0:15:20]} 32. Bf2 {[%clk 0:51:26]} Ke7 {[%clk 0:15:45]} 33. Bxc5+
{[%clk 0:51:49]} Ke6 {[%clk 0:16:11]} 34. Bxb4 {[%clk 0:51:53]} Ke5
{[%clk 0:16:35]} 35. Bc3+ {[%clk 0:51:53]} Kxe4 {[%clk 0:16:59]} 36. Bxg7
{[%clk 0:52:18]} f5 {[%clk 0:17:06]} 37. Kf2 {[%clk 0:52:43]} f4 {[%clk 0:17:19]}
38. h4 {[%clk 0:52:15]} h5 {[%clk 0:17:27]} 39. Bh6 {[%clk 0:51:54]} Kf5
{[%clk 0:17:49]} 40. Kf3 {[%clk 1:22:20]} 1-0

[Event "MPJ_D16"]
[Site "?"]
[Date "2016.03.20"]
[Round "9.10"]
[White "Trybowska, Barbara"]
[Black "Gredka, Dominika"]
[Result "1-0"]
[BlackElo "1690"]
[WhiteElo "1536"]
[LiveChessVersion "1.4.8"]

1. e4 {[%clk 1:30:59]} e5 {[%clk 1:30:52]} 2. Nf3 {[%clk 1:31:24]} d6
{[%clk 1:31:19]} 3. Nc3 {[%clk 1:31:43]} Nf6 {[%clk 1:31:43]} 4. h3
{[%clk 1:31:55]} Be7 {[%clk 1:31:41]} 5. Bc4 {[%clk 1:31:18]} O-O
{[%clk 1:31:57]} 6. d3 {[%clk 1:31:38]} h6 {[%clk 1:26:48]} 7. O-O
{[%clk 1:30:59]} c6 {[%clk 1:19:44]} 8. Re1 {[%clk 1:29:27]} a5 {[%clk 1:16:34]}
9. a4 {[%clk 1:29:19]} Qc7 {[%clk 1:16:08]} 10. d4 {[%clk 1:19:00]} exd4
{[%clk 1:15:12]} 11. Nxd4 {[%clk 1:17:45]} Re8 {[%clk 1:15:06]} 12. Bf4
{[%clk 1:16:28]} Bf8 {[%clk 1:07:32]} 13. Qf3 {[%clk 1:13:42]} Nbd7
{[%clk 1:02:42]} 14. Nf5 {[%clk 1:12:45]} Ne5 {[%clk 1:01:47]} 15. Bxe5
{[%clk 1:13:08]} dxe5 {[%clk 0:57:11]} 16. Nxh6+ {[%clk 1:13:23]} gxh6
{[%clk 0:55:03]} 17. Qxf6 {[%clk 1:13:45]} Bg7 {[%clk 0:55:23]} 18. Qf3
{[%clk 1:12:24]} Be6 {[%clk 0:52:34]} 19. Bxe6 {[%clk 1:11:09]} Rxe6
{[%clk 0:53:03]} 20. Rad1 {[%clk 1:10:38]} Rf6 {[%clk 0:52:03]} 21. Qe3
{[%clk 1:10:26]} Re8 {[%clk 0:38:27]} 22. Rd3 {[%clk 1:09:06]} Kh7
{[%clk 0:28:06]} 23. Red1 {[%clk 1:07:37]} Rg8 {[%clk 0:12:09]} 24. Rd7
{[%clk 1:04:20]} Qc8 {[%clk 0:12:37]} 25. Qb6 {[%clk 1:02:11]} Bf8
{[%clk 0:12:07]} 26. Kf1 {[%clk 0:58:17]} Qe8 {[%clk 0:10:34]} 27. Qb3
{[%clk 0:51:06]} Bc5 {[%clk 0:08:09]} 28. f3 {[%clk 0:36:59]} Rxg2
{[%clk 0:01:24]} 29. R1d2 {[%clk 0:28:58]} Rg1+ {[%clk 0:01:06]} 30. Ke2
{[%clk 0:29:24]} Qg8 {[%clk 0:01:19]} 31. Kd3 {[%clk 0:25:21]} 1-0

[Event "MPJ_D16"]
[Site "?"]
[Date "2016.03.20"]
[Round "9.11"]
[White "Krzysztynska, Anna"]
[Black "Guzik, Natalia"]
[Result "0-1"]
[BlackElo "1619"]
[WhiteElo "1643"]
[LiveChessVersion "1.4.8"]

1. d4 {[%clk 1:30:57]} d5 {[%clk 1:30:53]} 2. Nf3 {[%clk 1:31:22]} e6
{[%clk 1:30:01]} 3. e3 {[%clk 1:31:19]} Nf6 {[%clk 1:30:10]} 4. Bd3
{[%clk 1:31:16]} Bd6 {[%clk 1:29:25]} 5. b3 {[%clk 1:29:57]} Nbd7
{[%clk 1:27:49]} 6. Bb2 {[%clk 1:30:11]} O-O {[%clk 1:26:56]} 7. O-O
{[%clk 1:29:36]} a6 {[%clk 1:26:03]} 8. Nbd2 {[%clk 1:27:09]} c5 {[%clk 1:20:43]}
9. Re1 {[%clk 1:21:53]} b5 {[%clk 1:19:39]} 10. c3 {[%clk 1:17:11]} e5
{[%clk 1:10:41]} 11. dxe5 {[%clk 1:15:24]} Nxe5 {[%clk 1:10:59]} 12. Nxe5
{[%clk 1:12:40]} Bxe5 {[%clk 1:11:26]} 13. f4 {[%clk 1:00:51]} Bd6
{[%clk 1:10:05]} 14. Nf3 {[%clk 0:57:58]} Re8 {[%clk 0:32:51]} 15. Rc1
{[%clk 0:43:45]} Qb6 {[%clk 0:29:29]} 16. Bc2 {[%clk 0:36:23]} Bb7
{[%clk 0:23:44]} 17. Kh1 {[%clk 0:20:06]} Re7 {[%clk 0:23:29]} 18. Qd2
{[%clk 0:18:47]} Rae8 {[%clk 0:20:12]} 19. h3 {[%clk 0:16:30]} Ne4
{[%clk 0:18:40]} 20. Bxe4 {[%clk 0:16:36]} Rxe4 {[%clk 0:14:36]} 21. Rcd1
{[%clk 0:15:38]} Bc7 {[%clk 0:11:24]} 22. Qf2 {[%clk 0:14:56]} h6
{[%clk 0:09:27]} 23. Nh4 {[%clk 0:12:24]} Qe6 {[%clk 0:08:31]} 24. f5
{[%clk 0:11:24]} Qe5 {[%clk 0:08:05]} 25. Qg1 {[%clk 0:09:49]} Rxh4
{[%clk 0:08:02]} 26. Rd3 {[%clk 0:05:39]} Qe4 {[%clk 0:06:35]} 27. Qf1
{[%clk 0:05:38]} Rxh3+ {[%clk 0:06:50]} 28. Kg1 {[%clk 0:06:00]} Rh1+
{[%clk 0:06:28]} 29. Kxh1 {[%clk 0:05:43]} Qh4+ {[%clk 0:06:52]} 30. Kg1
{[%clk 0:06:06]} Bh2+ {[%clk 0:07:14]} 31. Kh1 {[%clk 0:06:28]} Bg3+
{[%clk 0:07:39]} 0-1

[Event "MPJ_D16"]
[Site "?"]
[Date "2016.03.20"]
[Round "9.12"]
[White "Zamarska, Sylwia"]
[Black "Przepiora, Anna"]
[Result "0-1"]
[BlackElo "1243"]
[WhiteElo "1605"]
[LiveChessVersion "1.4.8"]

1. d4 {[%clk 1:30:58]} d5 {[%clk 1:30:53]} 2. c4 {[%clk 1:31:22]} e6
{[%clk 1:31:18]} 3. Nc3 {[%clk 1:31:43]} Nf6 {[%clk 1:31:41]} 4. Nf3
{[%clk 1:31:59]} Be7 {[%clk 1:32:02]} 5. Bg5 {[%clk 1:32:13]} O-O
{[%clk 1:32:22]} 6. e3 {[%clk 1:32:29]} h6 {[%clk 1:32:36]} 7. Bh4
{[%clk 1:32:31]} Nbd7 {[%clk 1:32:51]} 8. cxd5 {[%clk 1:32:07]} exd5
{[%clk 1:33:12]} 9. Bd3 {[%clk 1:30:52]} c6 {[%clk 1:33:31]} 10. O-O
{[%clk 1:30:32]} Re8 {[%clk 1:33:50]} 11. Rc1 {[%clk 1:28:31]} Ne4
{[%clk 1:33:40]} 12. Bxe7 {[%clk 1:26:40]} Qxe7 {[%clk 1:34:03]} 13. Qc2
{[%clk 1:19:56]} a6 {[%clk 1:30:30]} 14. Rfe1 {[%clk 1:11:13]} Ndf6
{[%clk 1:20:12]} 15. Ne5 {[%clk 1:07:59]} Nxc3 {[%clk 1:13:29]} 16. bxc3
{[%clk 1:04:50]} c5 {[%clk 1:12:53]} 17. a4 {[%clk 0:56:07]} c4 {[%clk 1:05:06]}
18. Be2 {[%clk 0:55:15]} Nd7 {[%clk 1:02:49]} 19. Nxd7 {[%clk 0:54:36]} Bxd7
{[%clk 1:02:51]} 20. a5 {[%clk 0:53:58]} Rab8 {[%clk 1:02:04]} 21. Rb1
{[%clk 0:52:04]} Qf6 {[%clk 0:58:45]} 22. Rb6 {[%clk 0:44:42]} Re6
{[%clk 0:58:17]} 23. Reb1 {[%clk 0:43:59]} Rxb6 {[%clk 0:51:27]} 24. Rxb6
{[%clk 0:44:19]} Qe7 {[%clk 0:51:39]} 25. Qb2 {[%clk 0:42:17]} Bb5
{[%clk 0:49:40]} 26. Bf3 {[%clk 0:38:48]} Rd8 {[%clk 0:49:02]} 27. h3
{[%clk 0:35:18]} Rd7 {[%clk 0:43:49]} 28. Kf1 {[%clk 0:26:57]} Ba4
{[%clk 0:36:56]} 29. Ke2 {[%clk 0:24:38]} Bb3 {[%clk 0:36:48]} 30. g3
{[%clk 0:23:44]} Kf8 {[%clk 0:36:05]} 31. Bg2 {[%clk 0:22:24]} Ke8
{[%clk 0:35:38]} 32. h4 {[%clk 0:16:04]} Kd8 {[%clk 0:32:12]} 33. f3
{[%clk 0:13:44]} Rd6 {[%clk 0:31:31]} 34. Qa3 {[%clk 0:08:51]} Rxb6
{[%clk 0:31:28]} 35. Qxe7+ {[%clk 0:09:17]} Kxe7 {[%clk 0:31:46]} 36. axb6
{[%clk 0:09:43]} a5 {[%clk 0:31:55]} 37. Kd2 {[%clk 0:10:01]} Kd7
{[%clk 0:31:17]} 38. e4 {[%clk 0:07:20]} dxe4 {[%clk 0:30:41]} 39. fxe4
{[%clk 0:07:22]} Kc6 {[%clk 0:30:49]} 40. e5+ {[%clk 0:36:36]} Kxb6
{[%clk 1:00:59]} 41. Bd5 {[%clk 0:33:37]} f6 {[%clk 0:59:30]} 42. e6
{[%clk 0:33:38]} Kc7 {[%clk 0:59:23]} 43. Be4 {[%clk 0:31:55]} b5
{[%clk 0:58:42]} 44. d5 {[%clk 0:26:09]} Kd6 {[%clk 0:57:57]} 45. h5
{[%clk 0:24:51]} b4 {[%clk 0:57:17]} 46. g4 {[%clk 0:20:18]} Ba4 {[%clk 0:57:02]}
47. cxb4 {[%clk 0:16:47]} axb4 {[%clk 0:57:25]} 48. Kc1 {[%clk 0:16:45]} c3
{[%clk 0:57:25]} 49. Kb1 {[%clk 0:16:04]} b3 {[%clk 0:57:39]} 50. Kc1
{[%clk 0:15:13]} Bb5 {[%clk 0:57:21]} 51. Kb1 {[%clk 0:14:21]} Be2
{[%clk 0:57:34]} 52. Bf5 {[%clk 0:14:31]} Bf3 {[%clk 0:55:02]} 53. e7
{[%clk 0:10:54]} Kxe7 {[%clk 0:55:14]} 54. Be6 {[%clk 0:11:08]} Be4+
{[%clk 0:55:21]} 0-1

[Event "MPJ_D16"]
[Site "?"]
[Date "2016.03.20"]
[Round "9.13"]
[White "Szulc, Patrycja"]
[Black "Ossolinska, Matylda"]
[Result "1-0"]
[BlackElo "1613"]
[WhiteElo "1692"]
[LiveChessVersion "1.4.8"]

1. c4 {[%clk 1:30:58]} e5 {[%clk 1:30:44]} 2. Nc3 {[%clk 1:31:15]} Nc6
{[%clk 1:31:00]} 3. g3 {[%clk 1:31:32]} Bc5 {[%clk 1:29:38]} 4. Bg2
{[%clk 1:31:17]} Nf6 {[%clk 1:28:20]} 5. d3 {[%clk 1:30:46]} h6 {[%clk 1:26:02]}
6. Nf3 {[%clk 1:28:30]} d6 {[%clk 1:23:34]} 7. O-O {[%clk 1:27:59]} a6
{[%clk 1:21:48]} 8. a3 {[%clk 1:27:40]} O-O {[%clk 1:20:12]} 9. b4
{[%clk 1:26:49]} Ba7 {[%clk 1:19:44]} 10. Bb2 {[%clk 1:26:12]} Ne8
{[%clk 1:12:53]} 11. Nd5 {[%clk 1:20:24]} f5 {[%clk 1:06:35]} 12. Rc1
{[%clk 1:09:30]} Ne7 {[%clk 0:54:59]} 13. Nh4 {[%clk 1:00:40]} Kh7
{[%clk 0:46:35]} 14. e4 {[%clk 0:57:42]} f4 {[%clk 0:34:58]} 15. d4
{[%clk 0:54:40]} fxg3 {[%clk 0:32:51]} 16. hxg3 {[%clk 0:54:55]} c6
{[%clk 0:31:44]} 17. Ne3 {[%clk 0:54:07]} exd4 {[%clk 0:28:22]} 18. Bxd4
{[%clk 0:54:30]} Bxd4 {[%clk 0:28:23]} 19. Qxd4 {[%clk 0:54:52]} Be6
{[%clk 0:27:29]} 20. Rfd1 {[%clk 0:50:40]} Qc7 {[%clk 0:26:16]} 21. Nhf5
{[%clk 0:47:34]} Nxf5 {[%clk 0:26:21]} 22. Nxf5 {[%clk 0:47:57]} Bxf5
{[%clk 0:25:56]} 23. exf5 {[%clk 0:48:19]} Rd8 {[%clk 0:25:01]} 24. b5
{[%clk 0:39:54]} axb5 {[%clk 0:24:21]} 25. cxb5 {[%clk 0:40:19]} c5
{[%clk 0:20:32]} 26. Rxc5 {[%clk 0:38:27]} Qe7 {[%clk 0:16:28]} 27. Rc3
{[%clk 0:34:05]} Kh8 {[%clk 0:16:07]} 28. Qd5 {[%clk 0:30:51]} Rd7
{[%clk 0:15:32]} 29. Re3 {[%clk 0:30:03]} Qd8 {[%clk 0:15:20]} 30. a4
{[%clk 0:24:26]} b6 {[%clk 0:14:17]} 31. Qe6 {[%clk 0:21:02]} Nc7
{[%clk 0:13:17]} 32. Qb3 {[%clk 0:19:29]} Na8 {[%clk 0:09:31]} 33. Bc6
{[%clk 0:17:42]} Re7 {[%clk 0:08:25]} 34. Rxe7 {[%clk 0:16:44]} Qxe7
{[%clk 0:08:50]} 35. Qe6 {[%clk 0:17:05]} Qf6 {[%clk 0:07:33]} 36. Qxf6
{[%clk 0:17:19]} gxf6 {[%clk 0:07:56]} 37. Rxd6 {[%clk 0:17:41]} Kg7
{[%clk 0:07:52]} 38. Rd7+ {[%clk 0:17:46]} Rf7 {[%clk 0:07:17]} 39. Rxf7+
{[%clk 0:18:09]} Kxf7 {[%clk 0:07:44]} 40. Bxa8 {[%clk 0:48:32]} Ke7
{[%clk 0:38:11]} 41. Kg2 {[%clk 0:48:38]} Kd6 {[%clk 0:38:38]} 42. Kf3
{[%clk 0:48:53]} Ke5 {[%clk 0:38:39]} 43. g4 {[%clk 0:49:16]} Kd4
{[%clk 0:38:58]} 44. Kf4 {[%clk 0:49:38]} Kd3 {[%clk 0:39:15]} 45. a5
{[%clk 0:49:29]} bxa5 {[%clk 0:39:30]} 46. b6 {[%clk 0:49:51]} a4
{[%clk 0:39:58]} 47. b7 {[%clk 0:50:16]} a3 {[%clk 0:40:24]} 48. b8=Q
{[%clk 0:50:38]} a2 {[%clk 0:40:47]} 49. Qb3+ {[%clk 0:50:56]} 1-0

[Event "MPJ_D16"]
[Site "?"]
[Date "2016.03.20"]
[Round "9.14"]
[White "Szelag, Zuzanna"]
[Black "Trembowiecka-wysota, Aleksandra"]
[Result "1-0"]
[BlackElo "1503"]
[WhiteElo "1688"]
[LiveChessVersion "1.4.8"]

1. e4 {[%clk 1:30:58]} c5 {[%clk 1:30:57]} 2. Nf3 {[%clk 1:31:17]} d6
{[%clk 1:31:23]} 3. d4 {[%clk 1:31:40]} cxd4 {[%clk 1:31:43]} 4. Nxd4
{[%clk 1:32:02]} Nf6 {[%clk 1:32:07]} 5. Nc3 {[%clk 1:32:22]} g6 {[%clk 1:32:24]}
6. Be3 {[%clk 1:32:32]} Bg7 {[%clk 1:32:47]} 7. f3 {[%clk 1:32:35]} O-O
{[%clk 1:33:03]} 8. Qd2 {[%clk 1:32:01]} Nc6 {[%clk 1:32:49]} 9. g4
{[%clk 1:31:51]} Be6 {[%clk 1:31:33]} 10. h4 {[%clk 1:28:08]} Nxd4
{[%clk 1:23:10]} 11. Bxd4 {[%clk 1:25:42]} d5 {[%clk 1:18:53]} 12. exd5
{[%clk 1:22:06]} Nxd5 {[%clk 1:18:18]} 13. Bxg7 {[%clk 1:20:26]} Kxg7
{[%clk 1:18:37]} 14. O-O-O {[%clk 1:19:40]} Nb4 {[%clk 1:16:25]} 15. Qf4
{[%clk 1:06:23]} Qa5 {[%clk 1:13:01]} 16. a3 {[%clk 1:06:28]} Nc6
{[%clk 1:11:32]} 17. h5 {[%clk 0:52:31]} Qe5 {[%clk 1:09:15]} 18. Qd2
{[%clk 0:50:21]} g5 {[%clk 1:03:20]} 19. h6+ {[%clk 0:42:11]} Kh8
{[%clk 1:02:42]} 20. Rh5 {[%clk 0:39:16]} Rg8 {[%clk 1:03:01]} 21. Ne4
{[%clk 0:38:13]} Rad8 {[%clk 1:02:34]} 22. Bd3 {[%clk 0:35:47]} f6
{[%clk 0:59:07]} 23. Re1 {[%clk 0:29:56]} Qd5 {[%clk 0:56:01]} 24. Nc3
{[%clk 0:26:01]} Qd6 {[%clk 0:50:46]} 25. Nb5 {[%clk 0:22:01]} Qd5
{[%clk 0:50:10]} 26. Nc3 {[%clk 0:19:49]} Qd6 {[%clk 0:50:18]} 27. Qe2
{[%clk 0:18:50]} Bf7 {[%clk 0:50:21]} 28. Rhh1 {[%clk 0:18:20]} Rge8
{[%clk 0:44:40]} 29. Kb1 {[%clk 0:14:32]} Nd4 {[%clk 0:33:53]} 30. Qe3
{[%clk 0:12:54]} a6 {[%clk 0:23:40]} 31. Be4 {[%clk 0:11:58]} b5 {[%clk 0:22:01]}
32. Rd1 {[%clk 0:11:26]} b4 {[%clk 0:18:32]} 33. Ne2 {[%clk 0:09:18]} e5
{[%clk 0:18:58]} 34. axb4 {[%clk 0:08:40]} Qxb4 {[%clk 0:18:25]} 35. Qc3
{[%clk 0:05:09]} Qa4 {[%clk 0:17:37]} 36. Nc1 {[%clk 0:05:08]} Ne2
{[%clk 0:16:51]} 37. Qc6 {[%clk 0:04:23]} Nc3+ {[%clk 0:12:36]} 38. Qxc3
{[%clk 0:03:13]} Rc8 {[%clk 0:12:47]} 39. Qa3 {[%clk 0:02:17]} Qc4
{[%clk 0:12:41]} 40. Rhe1 {[%clk 0:31:04]} Rb8 {[%clk 0:41:37]} 41. Re3
{[%clk 0:27:40]} Rb6 {[%clk 0:38:56]} 42. Rd7 {[%clk 0:24:50]} Reb8
{[%clk 0:38:55]} 43. b3 {[%clk 0:23:06]} Kg8 {[%clk 0:35:13]} 44. Red3
{[%clk 0:20:33]} Rc8 {[%clk 0:33:40]} 45. Rd2 {[%clk 0:18:57]} Rb5
{[%clk 0:32:49]} 46. Rd8+ {[%clk 0:16:43]} Be8 {[%clk 0:33:05]} 47. Bd5+
{[%clk 0:15:53]} Rxd5 {[%clk 0:33:13]} 48. bxc4 {[%clk 0:15:55]} Rdxd8
{[%clk 0:33:28]} 49. Rxd8 {[%clk 0:16:04]} Rxd8 {[%clk 0:33:52]} 50. Qe7
{[%clk 0:15:49]} Rb8+ {[%clk 0:33:53]} 51. Nb3 {[%clk 0:15:53]} Bg6
{[%clk 0:33:37]} 52. Qg7# {[%clk 0:16:15]} 1-0